1678 1023 1168 1626 1515 1487 1562 1317 1361 1756 1039 1206 1822 1220 1112 1208 1959 1266 1007 1482 1591 1274 1768 1296 1069 1085 1418 1980 1299 1650 1033 1200 1089 1118 1360 1620 1569 1104 1485 1466 1453 1664 1844 1111 1844 1553 1619 1870 1220 1806 1588 1531 1319 1494 1035 1359 1510 1359 1667 1496 1231 1388 1802 1559 1246 1602 1790 1992 1768 1913 1444 1292 1294 1308 1122 1471 1852 1204 1117 1676 1128 1197 1410 1027 1673 1983 1211 1071 1927 1467 1183 1403 1798 1690 1371 1278 1643 1417 1664 BCNSPRNW ULIB Ver.6.0+V

เปลี่ยนเป็นภาษาไทย

Change to English
 แสดงรายละเอียดบรรณานุกรม
  กลับหน้าหลัก

Brief Record : Get Marc (ISO 2709) : E-mail record : QR code < ปิดหน้าต่าง
LEADER : 00000nam 2200000uu 4500
001    13399124949
003     ULIB
008    160525s2557||||th 000 0 tha d
020    ^a9786162233463
060  4 ^aWY157^bส344ก
100 0  ^aสร้อย อนุสรณ์ธีรกุล
245 10 ^aการดูแลแผลฝีเย็บในระยะคลอดและหลังคลอด /^cสร้อย อนุสรณ์ธีรกุล
246 14 ^aการดูแลแผลฝีเย็บในระยะคลอดและหลังคลอด =^bPerineal care during childirth and postpartum period
250    ^aพิมพ์ครั้งที่ 1
260    ^aขอนแก่น:^bมหาวิทยาลัยขอนแก่น,^c2557
300    ^a[ก]-จ, 154, [1] หน้า :^bภาพประกอบ
490 1  ^aทุนสนับสนุนการผลิตตำรา มหาวิทยาลัยขอนแก่น ;^vลำดับที่ 84
500    ^aผู้จัดทำสังกัด: คณะพยาบาลศาสตร์ มหาวิทยาลัยขอนแก่น
505 0  ^aบทที่ 1.^tความรู้เกี่ยวกับฝีเย็บ -- บทที่ 2.^tการบาดเจ็บของฝีเย็บในระยะคลอด -- บทที่ 3.^tการตัดฝีเย็บในระยะคลอด -- บทที่ 4.^tการเย็บซ่อมแซมแผลฝีเย็บในระยะคลอด -- บทที่ 5.^tการดูแลฝีเย็บในระยะคลอด -- บทที่ 6. ^tการดูแลแผลฝีเย็บในระยะหลังคลอด
536    ^a^"ทุนส่งเสริมการผลิตตำรา^"
650  7 ^aการคลอด
650  7 ^aฝีเย็บ
650  7 ^aการเย็บ (การแพทย์)
650  7 ^aการดูแลหลังคลอด
694    ^aHealth sciences branch
710 2  ^aมหาวิทยาลัยขอนแก่น
710 2  ^aมหาวิทยาลัยขอนแก่น.^bคณะพยาบาลศาสตร์
830  0 ^aทุนส่งเสริมการผลิตตำรา มหาวิทยาลัยขอนแก่น ;^vลำดับที่ 84
945    ^p120^l0^i23575
945    ^p120^l0^i23576
945    ^p120^l0^i23577
945    ^p120^l0^i23578
945    ^p120^l0^i23579
999    ^aทศพร เกษรทอง
รายการนี้ยังไม่มีแท็ก
คุณยังไม่ได้ล็อกอิน คุณสามารถมีกิจกรรมร่วมกับเว็บไซต์ได้ แต่ต้องล็อกอินก่อน ::
  ล็อกอิน

รายการสื่อสารสนเทศ

ลำดับที่ ประเภท เลขเรียก/บาร์โค้ด สถานที่ สถานะ
1. Book การพยาบาล
หนังสือสำรอง
สถานะ=หนังสือสำรอง
WY157 ส344ก ฉ.1 
  Barcode: 23575
ห้องสมุดวิทยาเขตนครสวรรค์
►ส่วนจัดเก็บหนังสือเก่า นว.
บนชั้น
  ขอยืม
2. Book การพยาบาล
Book การพยาบาล
WY157 ส344ก ฉ.2 
  Barcode: 23576
ห้องสมุดวิทยาเขตนครสวรรค์
►ส่วนจัดเก็บหนังสือเก่า นว.
บนชั้น
  ขอยืม
3. Book การพยาบาล
Book การพยาบาล
WY157 ส344ก ฉ.3 
  Barcode: 23577
ห้องสมุดวิทยาเขตนครสวรรค์
►ส่วนจัดเก็บหนังสือเก่า นว.
บนชั้น
  ขอยืม
4. Book การพยาบาล
Book การพยาบาล
WY157 ส344ก ฉ.4 
  Barcode: 23578
ห้องสมุดวิทยาเขตนครสวรรค์
►ส่วนจัดเก็บหนังสือเก่า นว.
บนชั้น
  ขอยืม
5. Book การพยาบาล
Book การพยาบาล
WY157 ส344ก ฉ.5 
  Barcode: 23579
ห้องสมุดวิทยาเขตนครสวรรค์
►ส่วนจัดเก็บหนังสือเก่า นว.
บนชั้น
  ขอยืม

รายการใกล้เคียง
    ผู้แต่ง [สร้อย อนุสรณ์ธีรกุล]

    หัวเรื่อง [การคลอด]
    หัวเรื่อง [ฝีเย็บ]
    หัวเรื่อง [การเย็บ (การแพทย์)]
    หัวเรื่อง [การดูแลหลังคลอด]

BibComment


ยังไม่เคยถูกคอมเมนท์

คอมเมนท์ทรัพยากรรายการนี้
  คอมเมนท์: การดูแลแผลฝีเย็บ..


 Copyright 2026. Bcnsprnw @Library